<?xml version="1.0" encoding="UTF-8"?>
<record
    xmlns:xsi="http://www.w3.org/2001/XMLSchema-instance"
    xsi:schemaLocation="http://www.loc.gov/MARC21/slim http://www.loc.gov/standards/marcxml/schema/MARC21slim.xsd"
    xmlns="http://www.loc.gov/MARC21/slim">

  <leader>02424nam a22002297a 4500</leader>
  <controlfield tag="005">20230606164938.0</controlfield>
  <controlfield tag="008">230606b           ||||| |||| 00| 0 eng d</controlfield>
  <datafield tag="020" ind1=" " ind2=" ">
    <subfield code="a">9780761949930</subfield>
  </datafield>
  <datafield tag="040" ind1=" " ind2=" ">
    <subfield code="c">AL</subfield>
  </datafield>
  <datafield tag="041" ind1=" " ind2=" ">
    <subfield code="a">English</subfield>
  </datafield>
  <datafield tag="082" ind1=" " ind2=" ">
    <subfield code="2">23</subfield>
    <subfield code="b">MCKT</subfield>
    <subfield code="a">070.5</subfield>
  </datafield>
  <datafield tag="100" ind1=" " ind2=" ">
    <subfield code="a">Alan Mckee</subfield>
    <subfield code="9">120506</subfield>
  </datafield>
  <datafield tag="245" ind1=" " ind2=" ">
    <subfield code="a">Textual Analysis : a beginners guide</subfield>
  </datafield>
  <datafield tag="260" ind1=" " ind2=" ">
    <subfield code="a">New Delhi</subfield>
    <subfield code="b">Sage Publications Ltd</subfield>
    <subfield code="c">2005</subfield>
  </datafield>
  <datafield tag="300" ind1=" " ind2=" ">
    <subfield code="a">155 p.</subfield>
    <subfield code="b">PB</subfield>
    <subfield code="c">23x15 cm.</subfield>
  </datafield>
  <datafield tag="365" ind1=" " ind2=" ">
    <subfield code="a">144</subfield>
    <subfield code="b">&#x20B9;3500.00</subfield>
    <subfield code="c">&#xA3;41.99</subfield>
    <subfield code="d">&#x20B9;4375.36</subfield>
    <subfield code="e">20%</subfield>
    <subfield code="f">31-05-2023</subfield>
  </datafield>
  <datafield tag="520" ind1=" " ind2=" ">
    <subfield code="a">`Alan McKee presents a student friendly introduction to the analysis of cultural texts. The book highlights the cultural differences in interpretation with an array of fascinating examples. Textual Analysis is written in an accessible style with several useful case studies. Each chapter also includes exercises for classroom' - Jane Stokes, London Metropolitan University
McKee is a gifted practitioner of the skills he would teach in this book, as well as a lively and engaging writer and one who has a real commitment to making his ideas available to a larger public' - Henry Jenkins, Massachusetts Institute of Technology
This book provides an indispensable basic introduction to textual analysis. McKee starts from the most basic philosophical foundations that underlie the practice and explains why texts are important and what they tell us about the world they represent.
Textual Analysis guides students away from finding the `correct' interpretation of a text and explains why we can't simply ask audiences about the interpretations they make of texts.

Textual Analysis:
- points to the importance of context, genre and modality
- uses excellent examples drawn from popular culture
- provides students with a solid grounding on many of the important concepts underlying media and cultural studies
Written in an accessible and straightforward style Textual Analysis: A Beginners Guide will be essential reading for all students of media, cultural and communication studies.


</subfield>
    <subfield code="b">Contents
1.What Is Textual Analysis?    
2.Does It Really Matter How People Make Sense of the World?    
3.What's Interpretation Got to Do With It?    
4.How Do I Know What's a Likely Interpretation?    
5.Can't We Make It a Bit More Scientific?    
6.Is That It? 
</subfield>
  </datafield>
  <datafield tag="650" ind1=" " ind2=" ">
    <subfield code="a">Textual analysis</subfield>
    <subfield code="9">120478</subfield>
  </datafield>
  <datafield tag="650" ind1=" " ind2=" ">
    <subfield code="a">Interpretation</subfield>
    <subfield code="9">120479</subfield>
  </datafield>
  <datafield tag="700" ind1=" " ind2=" ">
    <subfield code="a">MCKEE (Alan)</subfield>
    <subfield code="9">120480</subfield>
  </datafield>
  <datafield tag="942" ind1=" " ind2=" ">
    <subfield code="2">ddc</subfield>
    <subfield code="c">BK</subfield>
  </datafield>
  <datafield tag="999" ind1=" " ind2=" ">
    <subfield code="c">227424</subfield>
    <subfield code="d">227424</subfield>
  </datafield>
  <datafield tag="952" ind1=" " ind2=" ">
    <subfield code="0">0</subfield>
    <subfield code="1">0</subfield>
    <subfield code="2">ddc</subfield>
    <subfield code="4">0</subfield>
    <subfield code="7">0</subfield>
    <subfield code="8">JR</subfield>
    <subfield code="a">AL</subfield>
    <subfield code="b">AL</subfield>
    <subfield code="d">2023-06-06</subfield>
    <subfield code="e">Biblios Book Point Surathkal Mangalore 575014</subfield>
    <subfield code="g">3500.00</subfield>
    <subfield code="l">0</subfield>
    <subfield code="o">070.5 MCKT</subfield>
    <subfield code="p">076557</subfield>
    <subfield code="r">2023-06-06 00:00:00</subfield>
    <subfield code="v">4736.36</subfield>
    <subfield code="w">2023-06-06</subfield>
    <subfield code="y">BK</subfield>
  </datafield>
</record>
